000 00622nam a22001817a 4500
999 _c17513
_d17513
003 AR-CdUCM
008 190508b ||||| |||| 00| 0 spa d
040 _aMUNICIPALIDAD PROVINCIAL DEL CUSCO
_cBIBLIOTECA MUNICIPAL DEL CUSCO
082 _a330.1 /
_bM26
100 _aMarx, Carlos.
_92702
245 _aCrítica de la economía política /
260 _aMéxico :
_bNacional,
_c1973.
300 _a430 páginas ;
_c18 cm.
505 _aContenido :La mercancía Miseria de la filosofía -- Instrumento de pago -- La moneda universal ...
650 _aFilosofía.
_9395
942 _2ddc
_cLIBROS
945 _arum
_d2019-05-08